[Event "Gibraltar Masters 2015"]
[Site "Caleta ENG"]
[Date "2015.01.29"]
[Round "3.68"]
[White "Solomon, Kenny"]
[Black "Weeramantry, Sunil"]
[Result "1-0"]
[WhiteTitle "IM"]
[BlackTitle "FM"]
[WhiteElo "2399"]
[BlackElo "2127"]
[WhiteFideId "14300192"]
[BlackFideId "9900055"]
[EventDate "2015.01.27"]

1. d4 Nf6 2. c4 g6 3. Nc3 Bg7 4. e4 d6 5. Nf3 O-O 6. h3 e5 7. d5 a5 8. Be3 Na6
9. g4 c6 10. Be2 cxd5 11. cxd5 Bd7 12. Nd2 Ne8 13. Nc4 f5 14. f3 Bh6 15. Bf2 Nc5
16. Nxd6 Nxd6 17. Bxc5 fxe4 18. O-O exf3 19. Rxf3 Qc7 20. Bf2 e4 21. Rxf8+ Rxf8
22. Qd4 e3 23. Bg3 Nb5 24. Qe5 Qxe5 25. Bxe5 Nxc3 26. bxc3 Rf2 27. Re1 Bg7 28.
Bxg7 Kxg7 29. Bc4 Rf4 30. Bd3 h5 31. Rxe3 hxg4 32. hxg4 Kf6 33. g5+ Kxg5 34. Re7
Bf5 35. d6 Bxd3 36. d7 Rf8 37. Re8 Bb5 38. d8=Q+ 1-0

[Event "Gibraltar Masters 2015"]
[Site "Caleta ENG"]
[Date "2015.01.29"]
[Round "3.69"]
[White "Walton, Alan J"]
[Black "Karavade, Eesha"]
[Result "1/2-1/2"]
[WhiteTitle "CM"]
[BlackTitle "IM"]
[WhiteElo "2129"]
[BlackElo "2398"]
[WhiteFideId "409898"]
[BlackFideId "5012600"]
[EventDate "2015.01.27"]

1. d4 d5 2. c4 e6 3. Nc3 Bb4 4. Bd2 Nf6 5. e3 O-O 6. Nf3 b6 7. Bd3 Bb7 8. O-O
dxc4 9. Bxc4 Nbd7 10. Qe2 a6 11. a3 Bd6 12. Rfd1 Qe7 13. e4 e5 14. d5 b5 15. Ba2
Nh5 16. g3 g6 17. Rac1 Kh8 18. Nb1 Rac8 19. Bh6 Ng7 20. Nbd2 Nc5 21. b4 Na4 22.
Nb3 Rce8 23. Na5 Bc8 24. Ng5 Nh5 25. Nc6 Qd7 26. Nb8 Qe7 27. Nc6 Qd7 28. Nb8 Qe7 1/2-1/2

[Event "Gibraltar Masters 2015"]
[Site "Caleta ENG"]
[Date "2015.01.29"]
[Round "3.70"]
[White "Foisor, Cristina-Adela"]
[Black "Daneri, Martin"]
[Result "1-0"]
[WhiteTitle "IM"]
[BlackTitle "CM"]
[WhiteElo "2390"]
[BlackElo "2123"]
[WhiteFideId "1200496"]
[BlackFideId "104981"]
[EventDate "2015.01.27"]

1. c4 e5 2. Nc3 Nc6 3. Nf3 Bb4 4. Qc2 d6 5. Nd5 Bc5 6. a3 a5 7. d3 Nge7 8. Bd2
Be6 9. Nc3 O-O 10. e3 h6 11. Be2 f5 12. Nb5 Bb6 13. Bc3 Nb8 14. c5 Bxc5 15. Bxe5
Ng6 16. Bd4 Na6 17. O-O c6 18. Nc3 Qe7 19. Na4 Bxd4 20. Nxd4 Bd7 21. Nb6 Ra7 22.
b4 Nc7 23. bxa5 c5 24. Nxd7 Qxd7 25. Nf3 f4 26. d4 Qe6 27. Bc4 d5 28. Bd3 Ra6
29. Bxg6 Qxg6 30. Qxg6 Rxg6 31. Ne5 Ra6 32. Nd7 Rfa8 33. Nxc5 Rxa5 34. exf4 Rxa3
35. Rab1 b5 36. Rfe1 Kf7 37. f5 Re8 38. Rxe8 Nxe8 39. g4 Nd6 40. Kg2 Ra2 41. h3
Rd2 42. Ra1 Rxd4 43. Ra7+ Kf6 44. Nd7+ Ke7 45. Nb6+ Kf6 46. Rd7 Nc4 47. Nxd5+
Kg5 48. Rxg7+ Kh4 49. Ne7 b4 50. f6 Nd6 51. f7 1-0

[Event "Gibraltar Masters 2015"]
[Site "Caleta ENG"]
[Date "2015.01.29"]
[Round "3.71"]
[White "Wiedersich, Jens"]
[Black "Kuipers, Stefan"]
[Result "0-1"]
[BlackTitle "IM"]
[WhiteElo "2125"]
[BlackElo "2390"]
[WhiteFideId "4624114"]
[BlackFideId "1018400"]
[EventDate "2015.01.27"]

1. d4 Nf6 2. c4 e5 3. dxe5 Ng4 4. Nf3 Bc5 5. e3 Nc6 6. Bd2 O-O 7. Bc3 Re8 8.
Nbd2 Ncxe5 9. Nxe5 Nxe5 10. Nf3 Ng4 11. Nd4 d6 12. Be2 Qh4 13. g3 Qh3 14. Bf1
Qh6 15. Qd2 Nf6 16. Bg2 Rb8 17. O-O-O Bh3 18. Bxh3 Ne4 19. Qc2 Qxh3 20. f3 Ng5
21. Qf2 a6 22. Rhf1 b5 23. cxb5 axb5 24. b3 b4 25. Ba1 Bxd4 26. Rxd4 Rxe3 27.
Rdd1 Rxf3 28. Qa7 Re8 29. Rfe1 Ne6 30. Qa4 Qh6+ 31. Rd2 Rb8 32. Qa7 Rf8 33. Qb7
Rf2 34. Qxb4 Rxh2 35. Bc3 d5 36. Rd1 c5 37. Qb7 d4 38. Ba5 Qe3 39. g4 h6 40. Kc2
Rxd2+ 41. Bxd2 Qe2 42. Qc6 d3+ 43. Kc1 Qe5 44. Kb1 Nd4 45. Qa6 Nc2 46. Qa5 Qa1# 0-1

[Event "Gibraltar Masters 2015"]
[Site "Caleta ENG"]
[Date "2015.01.29"]
[Round "3.72"]
[White "Zude, Arno"]
[Black "Danielsson, Robert"]
[Result "1-0"]
[WhiteTitle "IM"]
[WhiteElo "2377"]
[BlackElo "2121"]
[WhiteFideId "4600754"]
[BlackFideId "1711490"]
[EventDate "2015.01.27"]

1. e4 c5 2. Nf3 g6 3. d4 cxd4 4. Nxd4 Bg7 5. c4 Nc6 6. Be3 Nf6 7. Nc3 d6 8. Be2
O-O 9. f3 Qb6 10. Nxc6 Qxc6 11. O-O a5 12. Qd2 Nd7 13. b3 Nc5 14. Rab1 Be6 15.
Rfe1 Rfc8 16. Bf1 Qe8 17. Rbc1 h5 18. Bg5 Kh7 19. Nd5 Bxd5 20. exd5 f6 21. Be3
Qf8 22. Bxc5 Rxc5 23. Re6 f5 24. Rce1 Bf6 25. g4 hxg4 26. fxg4 fxg4 27. Qf4 Rc7
28. Qxg4 Qh6 29. R1e3 Kg7 30. Rh3 Qg5 31. Qxg5 Bxg5 32. Bd3 Bf6 33. Rg3 g5 34.
h4 Rh8 35. hxg5 Be5 36. Rf3 Rh5 37. Rg6+ Kh8 38. Rf8+ Kh7 39. Rgg8# 1-0

[Event "Gibraltar Masters 2015"]
[Site "Caleta ENG"]
[Date "2015.01.29"]
[Round "3.73"]
[White "Ladron De Guevara Pinto, Paolo"]
[Black "Amgalanbaatar, Ravdanlkhumbuu"]
[Result "0-1"]
[WhiteTitle "FM"]
[WhiteElo "2367"]
[BlackElo "2117"]
[WhiteFideId "2290847"]
[BlackFideId "4900367"]
[EventDate "2015.01.27"]

1. e4 e6 2. d4 d5 3. Nd2 dxe4 4. Nxe4 Bd7 5. Nf3 Bc6 6. Bd3 Nd7 7. Qe2 Ngf6 8.
Neg5 Bxf3 9. Nxf3 Bd6 10. Ne5 c6 11. O-O Qc7 12. Bf4 Nd5 13. Bg3 Nb4 14. Bc4
Nxe5 15. dxe5 Be7 16. a3 Nd5 17. Bd3 a5 18. c4 Nb6 19. f4 g6 20. f5 exf5 21. e6
Bc5+ 22. Kh1 Qe7 23. exf7+ Kxf7 24. Qc2 Rhe8 25. Bxf5 gxf5 26. Qxf5+ Kg8 27. Rf4
Nd7 28. Re1 Qxe1+ 29. Bxe1 Rxe1+ 30. Rf1 Rxf1+ 31. Qxf1 Rf8 32. Qd1 Ne5 33. h3
Ng6 34. Qe1 h5 35. b4 axb4 36. axb4 Bf2 37. Qe6+ Kg7 38. g4 h4 39. Qe2 Bg3 40.
g5 Ne5 41. b5 Kg6 42. bxc6 bxc6 43. c5 Rf2 44. Qd1 Kxg5 45. Qd8+ Kf5 46. Qd1 Ke4
47. Qa4+ Ke3 48. Qb3+ Nd3 49. Qe6+ Ne5 50. Qb3+ Kd4 51. Qa3 Kd5 52. Qb3+ Kxc5
53. Qa3+ Kd5 54. Qb3+ Kd4 55. Qd1+ Nd3 56. Qa4+ Ke3 57. Qc4 Re2 58. Qe6+ Be5 59.
Qh6+ Kf3 60. Qxc6+ Re4 61. Kg1 Nf4 62. Kh1 Nd3 63. Kg1 Kf4 64. Qh6+ Kf3 65. Qh5+
Ke3 66. Qh6+ Nf4 67. Qg5 Kd3 68. Qf5 Ne2+ 69. Kg2 Ng3 70. Qd7+ Rd4 71. Qb5+ Ke4
72. Qb7+ Kf4 73. Qf3+ Kg5 74. Qe3+ Kf5 75. Qh6 Bf6 76. Qh7+ Ke6 77. Qg8+ Ke7 78.
Qh7+ Kf8 79. Qh6+ Bg7 80. Qc1 Kg8 81. Qc8+ Kh7 82. Qc2+ Kh6 83. Qc6+ Kg5 84.
Qc1+ Rf4 85. Qc7 Nf5 86. Qd8+ Bf6 87. Qg8+ Kh6 88. Qf8+ Bg7 89. Qc5 Kg5 90. Qa5
Rd4 91. Qe1 Rd3 92. Qe2 Rg3+ 93. Kh2 Nd4 94. Qd2+ Kg6 95. Qf4 Nf3+ 0-1

[Event "Gibraltar Masters 2015"]
[Site "Caleta ENG"]
[Date "2015.01.29"]
[Round "3.74"]
[White "Lejlic, Samir"]
[Black "Baert, Andy"]
[Result "0-1"]
[WhiteTitle "IM"]
[BlackTitle "FM"]
[WhiteElo "2354"]
[BlackElo "2114"]
[WhiteFideId "1703790"]
[BlackFideId "200107"]
[EventDate "2015.01.27"]

1. e4 c5 2. Nf3 d6 3. c3 Nf6 4. Bd3 Nc6 5. Bc2 Bg4 6. h3 Bxf3 7. Qxf3 g6 8. O-O
Bg7 9. Qe2 O-O 10. f4 Nd7 11. a4 a6 12. Na3 Rb8 13. Kh2 e6 14. Bb3 Nf6 15. d3 b5
16. axb5 axb5 17. Nc2 b4 18. Ba4 Qb6 19. Bd2 bxc3 20. bxc3 Qc7 21. Ra2 Rb7 22.
Na3 Rfb8 23. Be3 Nd7 24. Qe1 d5 25. c4 Nb4 26. Rd2 Qa5 27. Bxd7 Qxa3 28. exd5
Rxd7 0-1

[Event "Gibraltar Masters 2015"]
[Site "Caleta ENG"]
[Date "2015.01.29"]
[Round "3.75"]
[White "Mehlhorn, Uwe"]
[Black "Christiansen, Johan-Sebastian"]
[Result "0-1"]
[BlackTitle "FM"]
[WhiteElo "2121"]
[BlackElo "2354"]
[WhiteFideId "4619552"]
[BlackFideId "1512668"]
[EventDate "2015.01.27"]

1. g3 f5 2. Bg2 Nf6 3. d3 d6 4. e4 Nc6 5. Ne2 g6 6. Nbc3 Bg7 7. O-O O-O 8. Rb1
a5 9. b3 e5 10. a3 Qe8 11. Nb5 Rf7 12. c4 Be6 13. Qc2 Qd7 14. Bb2 Raf8 15. f3 f4
16. gxf4 Nh5 17. Bc1 Bh3 18. f5 Bxg2 19. Kxg2 gxf5 20. Ng3 Nxg3 21. hxg3 f4 22.
g4 h5 23. gxh5 Bf6 24. Rh1 Rg7+ 25. Kf1 Kh7 26. Qh2 Rg3 27. Kf2 Rfg8 28. Bd2 Nd8
29. Rbg1 Ne6 30. h6 c6 31. Nc3 Nd4 32. Qh5 R8g5 0-1

[Event "Gibraltar Masters 2015"]
[Site "Caleta ENG"]
[Date "2015.01.29"]
[Round "3.76"]
[White "Holleland, Sigve"]
[Black "Wemmers, Xander"]
[Result "0-1"]
[BlackTitle "IM"]
[WhiteElo "2116"]
[BlackElo "2353"]
[WhiteFideId "1513672"]
[BlackFideId "1004182"]
[EventDate "2015.01.27"]

1. d4 Nf6 2. c4 e6 3. Nc3 Bb4 4. Qc2 Nc6 5. Nf3 d5 6. Bg5 h6 7. Bh4 g5 8. Bg3 g4
9. Ne5 Nxd4 10. Qa4+ c6 11. cxd5 Nxd5 12. Rc1 Nf5 13. e4 Nxg3 14. hxg3 Nxc3 15.
bxc3 Qd4 16. Qxb4 Qxe5 17. Be2 c5 18. Qb5+ Bd7 19. Qxb7 Rb8 20. Qxa7 Rb2 21. Qa3
Rxe2+ 22. Kxe2 Qxe4+ 23. Kf1 Bc6 24. Qxc5 Qxg2+ 25. Ke2 Qf3+ 26. Kd2 Kd7 27.
Rhd1 Ra8 28. Rc2 Ke8 29. Kc1 Ba4 30. Rcd2 Bxd1 31. Rxd1 Qb7 32. a3 Rb8 33. Qb4
Qc7 34. Qd4 Ke7 35. Rd3 h5 36. Qg7 Qc5 0-1

[Event "Gibraltar Masters 2015"]
[Site "Caleta ENG"]
[Date "2015.01.29"]
[Round "3.77"]
[White "Bartel, Marta"]
[Black "Mareckova, Martina"]
[Result "1/2-1/2"]
[WhiteTitle "WGM"]
[BlackTitle "WFM"]
[WhiteElo "2347"]
[BlackElo "2102"]
[WhiteFideId "1123009"]
[BlackFideId "327930"]
[EventDate "2015.01.27"]

1. Nf3 Nf6 2. c4 g6 3. d4 Bg7 4. Nc3 O-O 5. e4 d6 6. Be2 e5 7. O-O Nc6 8. d5 Ne7
9. b4 Ne8 10. Nd2 f5 11. f3 Bh6 12. Nb3 Bxc1 13. Rxc1 Bd7 14. c5 Kg7 15. a4 fxe4
16. fxe4 Rxf1+ 17. Qxf1 Ng8 18. Qf2 Ngf6 19. h3 h6 20. Na5 b6 21. Nc4 Qe7 22. c6
Bc8 23. Ra1 a6 24. Qe3 Nh7 25. Rf1 Qg5 26. Qf3 Qf6 27. a5 Qxf3 28. Bxf3 b5 29.
Ne3 Ng5 30. Be2 Nf6 31. Bd3 Nh5 32. Rb1 Nf6 33. Kh2 Kf8 34. h4 Nf7 35. Be2 h5
36. Bf3 Ke7 37. Ncd1 Nh6 38. Nf2 Rb8 39. Rg1 Kf7 40. Ra1 Ke7 41. Be2 Ra8 42. Kg1
Rb8 43. Kf1 Ra8 44. Ke1 Kf7 45. Kd2 Ke7 46. Ned1 Nhg4 47. Bxg4 Bxg4 48. Ne3 Bc8
49. Rf1 Rb8 50. Ke2 Ra8 51. Kf3 Kf7 52. Re1 Rb8 53. Kg3 Ke7 54. Nf1 Ra8 55. Nh2
Rb8 56. Nf3 Ra8 57. Ng5 Rb8 58. Rf1 Ra8 59. Kf3 Rb8 60. Ke3 Ra8 61. Nd3 Rb8 62.
Kd2 Ra8 63. g3 Rb8 64. Kc3 Bg4 65. Rf2 Rf8 66. Kd2 Rb8 67. Nb2 Rf8 68. Nd1 Rb8
69. Ne3 Bc8 70. Kd3 Ra8 71. Nf1 Rb8 72. Nd2 Ra8 73. Nb3 Bg4 74. Nd2 1/2-1/2

[Event "Gibraltar Masters 2015"]
[Site "Caleta ENG"]
[Date "2015.01.29"]
[Round "3.78"]
[White "Dragnev, Valentin"]
[Black "De Rosa, Mariagrazia"]
[Result "1-0"]
[WhiteTitle "FM"]
[BlackTitle "WFM"]
[WhiteElo "2344"]
[BlackElo "2101"]
[WhiteFideId "1634852"]
[BlackFideId "815136"]
[EventDate "2015.01.27"]

1. e4 c5 2. Nf3 d6 3. d4 cxd4 4. Nxd4 Nf6 5. Nc3 a6 6. Bc4 e6 7. Bb3 Nbd7 8. Bg5
Nc5 9. O-O Be7 10. Re1 Qc7 11. f4 h6 12. Bh4 g5 13. fxg5 hxg5 14. Bxg5 Nfxe4 15.
Nxe4 Nxe4 16. Bxe7 d5 17. Rxe4 Qxh2+ 18. Kf2 dxe4 19. Nf3 Qc7 20. Bd6 Qd8 21.
Be5 Qxd1 22. Rxd1 f6 23. Bxf6 O-O 24. Bc3 exf3 25. gxf3 b5 26. Ke3 Ra7 27. Rg1+
Kh7 28. Be5 Rg8 29. Rh1+ Kg6 30. c3 Kf5 31. Bd4 Rag7 32. Bc2+ Kg5 33. f4+ Kg4
34. Bxg7 1-0

[Event "Gibraltar Masters 2015"]
[Site "Caleta ENG"]
[Date "2015.01.29"]
[Round "3.79"]
[White "Schaefer, Reyk"]
[Black "Holm, Kristian Stuvik"]
[Result "0-1"]
[BlackTitle "FM"]
[WhiteElo "2104"]
[BlackElo "2330"]
[WhiteFideId "4640543"]
[BlackFideId "1508083"]
[EventDate "2015.01.27"]

1. d4 c5 2. d5 Nf6 3. Nc3 g6 4. e4 d6 5. Bb5+ Nfd7 6. a4 Bg7 7. Nf3 O-O 8. O-O
Na6 9. Re1 Nc7 10. Bf1 Nf6 11. h3 e6 12. Bf4 e5 13. Be3 h6 14. Nd2 Nh5 15. Nc4
Kh7 16. Kh2 Bf6 17. Be2 Nf4 18. Bf3 g5 19. Ne2 Ne8 20. g4 Ng6 21. Ng3 Ng7 22.
Be2 Be7 23. Qd2 b6 24. c3 Nf4 25. Bf1 h5 26. Nf5 hxg4 27. hxg4 Nxf5 28. exf5 Rh8
29. Kg3 Kg7 30. Bg2 Rh4 31. f3 Bxf5 32. gxf5 Nh5+ 33. Kf2 Rxc4 34. Rh1 Rh4 35.
Bh3 Nf4 36. Bg4 Qh8 0-1

[Event "Gibraltar Masters 2015"]
[Site "Caleta ENG"]
[Date "2015.01.29"]
[Round "3.80"]
[White "Kandic, Milan"]
[Black "Watson, John L"]
[Result "1-0"]
[WhiteTitle "FM"]
[BlackTitle "IM"]
[WhiteElo "2101"]
[BlackElo "2319"]
[WhiteFideId "926752"]
[BlackFideId "2000768"]
[EventDate "2015.01.27"]

1. e4 e6 2. d4 d5 3. Nc3 Bb4 4. e5 Ne7 5. Nf3 c5 6. a3 Bxc3+ 7. bxc3 Qa5 8. Bd2
Nbc6 9. Bd3 c4 10. Be2 f6 11. exf6 gxf6 12. O-O Bd7 13. Nh4 O-O-O 14. f4 Ng6 15.
Nxg6 hxg6 16. Bg4 Rde8 17. Re1 Re7 18. Re3 Nd8 19. Qb1 Nc6 20. Qe1 Nd8 21. Qb1
Qc7 22. g3 Nf7 23. Qe1 Rhe8 24. f5 gxf5 25. Bxf5 Nh6 26. Bh3 Nf7 27. Qf2 e5 28.
Bxd7+ Qxd7 29. Qxf6 e4 30. Rf1 Nd6 31. Qg5 Rf7 32. Qxd5 Rxf1+ 33. Kxf1 Qh3+ 34.
Kg1 Rf8 35. Re1 Rf2 36. Qg8+ Kd7 37. Kxf2 Qxh2+ 38. Ke3 Nf5+ 39. Kxe4 Qxd2 40.
Kxf5 Qf2+ 41. Kg4 Qxe1 42. Qd5+ Kc8 43. Qxc4+ Kd7 44. Qd5+ Kc8 45. Qe5 Qd1+ 46.
Kg5 b6 47. g4 Qd2+ 48. Kf6 Qh6+ 49. Kf5 Kd7 50. Qd5+ Kc7 51. Qf7+ Kb8 52. d5 Qd2
53. Qe8+ Kb7 54. Qc6+ Ka6 55. g5 Qf2+ 56. Kg6 Qf8 57. Qe6 1-0

[Event "Gibraltar Masters 2015"]
[Site "Caleta ENG"]
[Date "2015.01.29"]
[Round "3.81"]
[White "Santos Ruiz, Miguel"]
[Black "Verneuil, Pascal"]
[Result "0-1"]
[WhiteTitle "FM"]
[WhiteElo "2310"]
[BlackElo "2093"]
[WhiteFideId "22291482"]
[BlackFideId "623814"]
[EventDate "2015.01.27"]

1. Nf3 d5 2. c4 c6 3. e3 Nf6 4. Nc3 a6 5. Qc2 g6 6. d4 Bf5 7. Qb3 Ra7 8. Be2 Bg7
9. Bd2 O-O 10. O-O e6 11. Rfc1 Nbd7 12. a4 dxc4 13. Qxc4 e5 14. dxe5 Ng4 15. Be1
Ngxe5 16. Nxe5 Nxe5 17. Qb3 Be6 18. Qa3 Qb8 19. Ne4 Bd5 20. Nc5 b5 21. Bc3 Bc4
22. Bxc4 Nxc4 23. Qb4 Rd8 24. Bxg7 Kxg7 25. Qc3+ Qe5 26. axb5 Qxc3 27. bxc3 cxb5
28. Rxa6 Rc7 29. Nb3 Ne5 30. Rb6 Rxc3 31. f4 Ng4 32. h3 Rxc1+ 0-1

[Event "Gibraltar Masters 2015"]
[Site "Caleta ENG"]
[Date "2015.01.29"]
[Round "3.82"]
[White "Nuri, Kambez"]
[Black "Fomani, Medhi"]
[Result "1-0"]
[WhiteTitle "FM"]
[WhiteElo "2305"]
[BlackElo "2033"]
[WhiteFideId "1311433"]
[BlackFideId "2259435"]
[EventDate "2015.01.27"]

1. e4 c6 2. d4 d5 3. Nc3 dxe4 4. Nxe4 Bf5 5. Ng3 Bg6 6. h4 h6 7. Nf3 Nd7 8. h5
Bh7 9. Bd3 Bxd3 10. Qxd3 e6 11. Bd2 Ngf6 12. O-O-O Be7 13. Ne2 Ng4 14. Rdf1 Qc7
15. Bf4 Qa5 16. Kb1 O-O-O 17. Nd2 Ngf6 18. Nc4 Qa6 19. Nd6+ Bxd6 20. Qxa6 bxa6
21. Bxd6 Rhe8 22. f3 Nd5 23. Re1 N7b6 24. Bc5 Kb7 25. b3 a5 26. c4 Nb4 27. Rd1
Na6 28. Ba3 a4 29. Nc3 axb3 30. axb3 Rd7 31. Kc2 Red8 32. Ne4 f5 33. Nd6+ Kc7
34. Rhe1 Nc8 35. Nxc8 Kxc8 36. Rxe6 Nb8 37. Bc5 Kb7 38. Rde1 Na6 39. Re7 Nxc5
40. dxc5 Kc8 41. Rxd7 Rxd7 42. Re8+ Kc7 43. Rf8 Re7 44. Kd3 f4 45. Rxf4 Re5 46.
Rf7+ Kb8 47. g4 1-0

[Event "Gibraltar Masters 2015"]
[Site "Caleta ENG"]
[Date "2015.01.29"]
[Round "3.83"]
[White "Tate, Alan"]
[Black "Adewole, Adeyinka"]
[Result "1-0"]
[WhiteTitle "FM"]
[WhiteElo "2297"]
[BlackElo "1962"]
[WhiteFideId "2401878"]
[BlackFideId "8502544"]
[EventDate "2015.01.27"]

1. e4 d5 2. exd5 Qxd5 3. Nc3 Qa5 4. d4 Nf6 5. Nf3 Bg4 6. h3 Bh5 7. g4 Bg6 8. Ne5
c6 9. Bg2 Be4 10. f3 Bg6 11. O-O Nbd7 12. f4 e6 13. Qe2 O-O-O 14. a3 Bb4 15. Nc4
Qa6 16. axb4 Qxa1 17. f5 Nb6 18. fxg6 hxg6 19. Bf4 Qa6 20. Nd6+ Rxd6 21. Qxa6
bxa6 22. Bxd6 Nbd5 23. g5 Ne8 24. Bc5 f5 25. gxf6 gxf6 26. Ra1 Nec7 27. Ne4 f5
28. Nd6+ Kb8 29. Nf7 Rh7 30. Nd8 Nf4 31. Nxc6+ Kc8 32. Ra3 Kd7 33. Nb8+ Kc8 34.
Nxa6 Nb5 35. Rb3 Rh5 36. Bf1 Nc7 37. Nxc7 1-0

[Event "Gibraltar Masters 2015"]
[Site "Caleta ENG"]
[Date "2015.01.29"]
[Round "3.84"]
[White "Yu, Jonathan"]
[Black "Lombaers, Peter"]
[Result "0-1"]
[WhiteElo "2081"]
[BlackElo "2291"]
[WhiteFideId "2606828"]
[BlackFideId "1032852"]
[EventDate "2015.01.27"]

1. e4 Nf6 2. e5 Nd5 3. d4 d6 4. Nf3 dxe5 5. Nxe5 c6 6. c4 Nb4 7. Nd3 Nxd3+ 8.
Qxd3 g6 9. Be3 Bg7 10. Nc3 O-O 11. Be2 Nd7 12. O-O Nf6 13. h3 Qc7 14. Bf3 Bf5
15. Qe2 Rad8 16. Rfd1 Rfe8 17. Qf1 Qb8 18. Rac1 e5 19. g4 Bc8 20. Qg2 exd4 21.
Bxd4 Qf4 22. Bxa7 Rxd1+ 23. Rxd1 Qxc4 24. Be3 Qb4 25. Rd2 Be6 26. Qf1 Nd7 27. a3
Qa5 28. Bd4 Ne5 29. Be2 b5 30. Qd1 Qc7 31. f4 Nc4 32. Bxc4 Bxc4 33. Bxg7 Qxf4
34. Bd4 Qg3+ 35. Rg2 Re1+ 36. Qxe1 Qxe1+ 37. Kh2 c5 38. Bf6 b4 39. axb4 cxb4 40.
b3 Qe6 41. g5 Qd6+ 42. Kh1 bxc3 43. bxc4 c2 44. Bb2 Qc6 45. Bc1 Qxc4 46. Rg1 Qe2
47. Bb2 Kf8 0-1

[Event "Gibraltar Masters 2015"]
[Site "Caleta ENG"]
[Date "2015.01.29"]
[Round "3.85"]
[White "Olsarova, Tereza"]
[Black "Godinho Marques, Pedro"]
[Result "1-0"]
[WhiteTitle "WIM"]
[WhiteElo "2288"]
[BlackElo "1950"]
[WhiteFideId "325449"]
[BlackFideId "1928414"]
[EventDate "2015.01.27"]

1. e4 c5 2. Nf3 a6 3. c3 e6 4. d4 d5 5. e5 Nc6 6. Bd3 Bd7 7. O-O Qb6 8. Be2 Rc8
9. a3 c4 10. Nbd2 Na5 11. Rb1 Nb3 12. Nxb3 Ba4 13. Nfd2 Ne7 14. Qe1 Bxb3 15.
Nxb3 Qxb3 16. Bd1 Qa2 17. Bc2 Nc6 18. Qe2 Na5 19. f4 g6 20. g4 Bh6 21. Be3 Nb3
22. f5 Bxe3+ 23. Qxe3 gxf5 24. gxf5 Rc7 25. Qh6 Re7 26. Qg7 Rf8 27. fxe6 Nd2 28.
exf7+ Rexf7 29. Rxf7 Rxf7 30. Qg8+ Rf8 31. Qe6+ Kd8 32. Qxd5+ Ke8 33. Bxh7 Nf3+
34. Kh1 Nh4 35. Qe6+ Kd8 36. Qd6+ Ke8 37. Qb8+ Ke7 38. Qxb7+ Ke6 39. Rg1 Qb3 40.
Qc6+ Ke7 41. Rg7+ Rf7 42. Qd6+ 1-0

[Event "Gibraltar Masters 2015"]
[Site "Caleta ENG"]
[Date "2015.01.29"]
[Round "3.86"]
[White "Suez-Panama, Gilles"]
[Black "Sanchez Jerez, Emilio Miguel"]
[Result "1-0"]
[BlackTitle "FM"]
[WhiteElo "2030"]
[BlackElo "2282"]
[WhiteFideId "620165"]
[BlackFideId "2256088"]
[EventDate "2015.01.27"]

1. d4 d6 2. Nf3 Nf6 3. c4 g6 4. Nc3 Bg7 5. g3 O-O 6. Bg2 Nc6 7. O-O a6 8. h3 Rb8
9. Be3 Bd7 10. Qd2 b5 11. cxb5 axb5 12. Bh6 b4 13. Bxg7 Kxg7 14. Nd1 Qc8 15. Kh2
Rb5 16. Nh4 e5 17. dxe5 dxe5 18. f4 e4 19. Ne3 h6 20. a4 Ra5 21. b3 Rd8 22. Qb2
h5 23. Rad1 Be8 24. g4 hxg4 25. hxg4 Rxd1 26. Rxd1 Ne5 27. Bh3 Nexg4+ 28. Nxg4 1-0

[Event "Gibraltar Masters 2015"]
[Site "Caleta ENG"]
[Date "2015.01.29"]
[Round "3.87"]
[White "George, Lolomari Erekosima"]
[Black "Frisk, Ellinor"]
[Result "0-1"]
[BlackTitle "WIM"]
[WhiteElo "1857"]
[BlackElo "2266"]
[WhiteFideId "8501076"]
[BlackFideId "1708481"]
[EventDate "2015.01.27"]

1. Nf3 d5 2. c4 c6 3. b3 Bg4 4. g3 Bxf3 5. exf3 e6 6. Bb2 Nf6 7. Bg2 Be7 8. O-O
O-O 9. Re1 c5 10. cxd5 exd5 11. d4 cxd4 12. Na3 Bb4 13. Re2 Bc3 14. Nb5 Bxb2 15.
Rxb2 Nc6 16. Nxd4 Qb6 17. Rd2 Rad8 18. Rc1 g6 19. Rcc2 Rd6 20. Qa1 Rfd8 21. Qb2
Ne8 22. h4 Ng7 23. Bh3 h5 24. Rc1 f5 25. f4 Nxd4 26. Rxd4 Ne6 27. Rd2 d4 28. Bf1
Nc5 29. Bc4+ Kh7 30. f3 Nd7 31. Kg2 Nf6 32. Qc2 Qc6 33. Qd1 Qd7 34. Qf1 a6 35.
a4 d3 36. a5 Rd4 37. Re1 Kh6 38. Re5 Nd5 39. Bxd5 Rxd5 40. Qe1 Qb5 41. Re7 R5d7
42. Re5 Rd5 43. Re7 R8d7 44. Re8 Rd8 45. Re7 R5d7 46. Re5 Qb4 47. Qe3 Qd4 48.
Qxd4 Rxd4 49. Rc5 R4d5 50. Rc3 Rxa5 51. Rdxd3 Rxd3 52. Rxd3 Rb5 53. Kf2 Kg7 54.
g4 Kf7 55. gxh5 gxh5 56. Re3 Rb4 57. Rc3 Ke6 58. Ke3 Rb5 59. Kd4 Kd6 60. Ke3 Rc5
61. Rd3+ Rd5 62. Rc3 Rd1 63. Kf2 a5 64. Rc8 Rb1 65. Rh8 Rxb3 66. Rxh5 Ke6 67.
Rg5 a4 68. Rg1 a3 69. h5 a2 70. Ra1 Rb2+ 71. Ke3 Kf7 72. Kd4 Rb4+ 73. Kc3 Ra4
74. Kb3 Ra6 75. Rxa2 Rxa2 76. Kxa2 Kg7 77. Kb3 Kh6 78. Kc4 Kxh5 79. Kd5 b5 80.
Kc5 Kh4 81. Kxb5 Kg3 82. Kc4 Kxf4 83. Kd3 Kxf3 84. Kd2 Kf2 0-1

[Event "Gibraltar Masters 2015"]
[Site "Caleta ENG"]
[Date "2015.01.29"]
[Round "3.89"]
[White "Vojinovic, Jovana"]
[Black "Lien, Kjell Hakon"]
[Result "1-0"]
[WhiteTitle "WGM"]
[WhiteElo "2301"]
[BlackElo "2020"]
[WhiteFideId "937266"]
[BlackFideId "1510444"]
[EventDate "2015.01.27"]

1. d4 d5 2. Bf4 Nf6 3. Nc3 Bf5 4. f3 e6 5. g4 Bg6 6. h4 h5 7. g5 Ng8 8. Qd2 Bb4
9. a3 Ba5 10. Be5 Rh7 11. e3 Nd7 12. Bg3 Ne7 13. Nh3 Nf5 14. Bf2 Qe7 15. Nf4 Nf8
16. O-O-O O-O-O 17. Kb1 Kb8 18. Bd3 c6 19. Ka2 Bc7 20. Nce2 e5 21. Nxg6 fxg6 22.
dxe5 Bxe5 23. Nd4 Bxd4 24. exd4 Rh8 25. Bxf5 gxf5 26. Qf4+ Ka8 27. Qxf5 Qe2 28.
Bg3 g6 29. Qe5 Qc4+ 30. Kb1 Nd7 31. Qe6 1-0

[Event "Gibraltar Masters 2015"]
[Site "Caleta ENG"]
[Date "2015.01.29"]
[Round "3.90"]
[White "Jameson, David"]
[Black "Rydstrom, Tom"]
[Result "0-1"]
[WhiteElo "2068"]
[BlackElo "2292"]
[WhiteFideId "1801538"]
[BlackFideId "1714830"]
[EventDate "2015.01.27"]

1. e4 e5 2. d4 exd4 3. c3 dxc3 4. Bc4 Nc6 5. Nf3 Nf6 6. e5 d5 7. exf6 dxc4 8.
Qxd8+ Nxd8 9. Nxc3 c6 10. O-O gxf6 11. Ne4 Be7 12. Re1 Be6 13. Bh6 Rg8 14. Rad1
f5 15. Ng3 Rg6 16. Bd2 c5 17. Ne5 Rg8 18. a4 f6 19. Nf3 Kf7 20. Nh4 Nc6 21.
Nhxf5 Bxf5 22. Nxf5 Rgd8 23. Bc3 Rd3 24. Rc1 a6 25. a5 Bd8 26. Kf1 Bxa5 27. Bxa5
Nxa5 28. Re7+ Kg6 29. Nh4+ Kh6 30. f4 Kh5 31. Rxh7+ Kg4 32. g3 Rad8 33. Rc2 Rd1+
34. Ke2 Nb3 35. Nf3 Nc1+ 36. Kf2 b5 37. Re2 Nxe2 38. Kxe2 Rb1 39. Rg7+ Kf5 40.
Nh4+ Ke6 41. f5+ Kd6 42. Rf7 Rxb2+ 43. Kf3 c3 44. Rxf6+ Kc7 0-1